Taxpertise The Complete Book of Dirty Little Secrets (Record no. 620274)

MARC details
000 -LEADER
fixed length control field 00608nam a2200181 4500
008 - FIXED-LENGTH DATA ELEMENTS--GENERAL INFORMATION
fixed length control field 260428b |||||||| |||| 00| 0 eng d
020 ## - INTERNATIONAL STANDARD BOOK NUMBER
ISBN 9781599183503
Paper back/Hardbound PBK
041 ## - LANGUAGE CODE
Language code of text/sound track or separate title eng
082 ## - DEWEY DECIMAL CLASSIFICATION NUMBER
Classification number 343.7305268 LEE
100 ## - MAIN ENTRY--AUTHOR NAME
Personal name Lee Bonnie,E.A
245 ## - TITLE STATEMENT
Title Taxpertise The Complete Book of Dirty Little Secrets
Sub Title And Tax Deduction for small businesses the IRS doesn't want you to know
Statement of responsibility, etc Bonnie Lee,E.A
260 ## - PUBLICATION, DISTRIBUTION, ETC. (IMPRINT)
Place of publication United States
Name of publisher Ep Enterpreneur press
Year of publication 2009
300 ## - PHYSICAL DESCRIPTION
Number of Pages 264p. :
Dimensions 22cm.
504 ## - BIBLIOGRAPHY, ETC. NOTE
Bibliography, etc Includes index
650 ## - SUBJECT ADDED ENTRY--TOPICAL TERM
Topical Term Military, tax, trade & industrial law
942 ## - ADDED ENTRY ELEMENTS (KOHA)
Koha item type English Books
Holdings
Withdrawn status Lost status Damaged status Not for loan Home library Current library Shelving location Date acquired Full call number Accession Number Price effective from Koha item type
        Anna Centenary Library Anna Centenary Library 4TH FLOOR, A WING 10.12.2010 343.7305268 LEE 405463 28.04.2026 English Books

Find us on the map